| 000 | 00455cam a2200181ua 4500 | ||
|---|---|---|---|
| 020 | _c1050/- | ||
| 041 |
_aeng _h |
||
| 082 |
_a613.06 _bAHL/FO |
||
| 100 | _aAhlluwalia, Vikas . | ||
| 245 |
_aFood hygiene and toxicology / _cAhlluwalia. _hTextual Documents |
||
| 260 |
_aNew delhi : _bParagon International , _c2007. |
||
| 300 | _a276 ; . | ||
| 365 | _a1050/- | ||
| 504 | _a | ||
| 942 | _cBK | ||
| 999 |
_c13114 _d13114 |
||